LDR 00946naa#a2200193#i#450# 001 RU\\bibl\123070 005 20260514013335.4 011 ## _a3034-4689 100 ## _a20260508b2026####ek#y0rusy0150####ca 102 ## _aRU 200 1# _aЭМИССИЯ СВОБОДНОГО ФОРМАЛЬДЕГИДА КАК ПОКАЗАТЕЛЬ СТРУКТУРООБРАЗОВАНИЯ ЛИГНОЦЕЛЛЮЛОЗНЫХ ПЛАСТИКОВ БЕЗ СВЯЗУЮЩИХ ВЕЩЕСТВ _eЖурнальная статья 210 1# _aКазань _cКазанский национальный исследовательский технологический университет _d2026 215 ## _a6 с. 608 ## _aЖурнальная статья _2local 700 #1 _aАртёмов _gАртём Вячеславович 700 #1 _aШкуро _gАлексей Евгеньевич 700 #1 _aЯкубова _gТ. В. 700 #1 _aБурындин _gВ Г 856 4# _avestniktu.ru _u